Statistiken für Berühmte Diktatoren Quiz

Klicken Sie hier um das Quiz zu spielen!

Allgemein

  • Dieses Quiz wurde 1,663 mal gespielt
  • Das Durchschnittsergebnis liegt bei 13 aus 22

Antwortstatistiken

Diktator Land % Korrekt
Adolf HitlerDeutschland
100%
Benito MussoliniItalien
97%
Mao ZedongChina
96%
Kim Jong-ilNordkorea
93%
Napoleon BonaparteFrankreich
93%
Fidel CastroKuba
89%
Saddam HusseinIrak
85%
Francisco FrancoSpanien
82%
Muammar al-GaddafiLibyen
74%
Leonid BreschnewSowjetunion
66%
Hosni MubarakÄgypten
64%
Josip Broz TitoJugoslawien
60%
Nicolae CeausescuRumänien
59%
Augusto PinochetChile
54%
Robert MugabeSimbabwe
44%
Idi AminUganda
37%
François "Papa Doc" DuvalierHaiti
36%
Ferdinand MarcosPhilippinen
26%
Manuel NoriegaPanama
25%
Mobutu Sese SekoZaire
24%
SullaRom
24%
Rafael TrujilloDominikanische
Republik
11%

Verteilung der Resultate

Perzentil nach korrekt beantworteten Fragen

Anzahl Personen mit jedem Resultat

Ihre Resultats-Entwicklung

Sie haben dieses Quiz noch nicht gespielt